000 00412nam a2200181Ia 4500
001 19107
005 20260306171720.0
008 260306s9999||||xx |||||||||||||| ||und||
041 _aESP
082 _a658.8
_bK77M 2017
100 _aKotler, Philip
_eAUT
245 0 _aMarketing
260 _c2017
300 _axxi, 710 páginas :
_c27 cm.
650 _aGEN
654 _aCAN
942 _cLIB
_dJUS
_fJUS
_2ddc
_n
999 _c19107
_d19107